000 00615nam a2200229Ia 4500
003 OSt
005 20220928102409.0
006 a|||||r|||| 00| 0
007 ta
008 220927b |||||||| |||| 00| 0 eng d
024 _a51707
037 _cTextual
040 _aSDCL
_cSDCL
_beng
041 _2eng
_aeng
082 _aO152,3:g, K61
100 _aMahendra Ed.
_9398083
245 0 _aHindi kahani
_b Sidhdhant aur vivechan.
260 _aAgra
_bSahitya Ratna Bhandar
_c1961
300 _a158p.
_ccm.
942 _hO152,3:g, K61
_cTEXL
_2CC
999 _c713913
_d713913